000 01159aam a2200301 i 4500
001 768714001
003 CO-MdFUSB
005 20211203152516.0
007 ta
008 211203t2004 ck |||| |||| 00| 0 spa d
020 _a[No incluye ISBN]
040 _bspa.
_aCO-MdFUSB
_cCO-MdFUSB
_dCO-MdFUSBC
_erda
041 _aspa
082 0 4 _a289
_223
_bK937s
100 1 _aKronfly Kronfly, Manuel
_eautor
245 1 0 _aSectas
_c/ Manuel Kronfly Kronfly
264 1 _aColombia :
_bBuena Semilla,
_c[2004]
264 4 _c© 2004
300 _a246 páginas
_c; 21 cm
336 _atexto
_btxt
_2rdacontent
337 _2rdamedia
_asin mediación
_bn
338 _2rdacarrier
_avolumen
_bnc
505 _a1. Animismo o Espiritismo 2. Astrología 3. Teosofía 4. La Ciencia cristiana 5. Los Baha'is-Bahaismo 6. El Rosacrucismo-La Rosacruz 7. Los Mormones 8. Los Adventistas. El Adventismo del Séptimo día 9. Los Testigos de Jehová 10. El Armstronguismo 11. Iglesia de la Unificación: los Moonies, Moonistas 12. El Modernismo 13. La Nueva era 14. Los Judeomesiánicos
563 _aRústico
650 1 4 _aSECTAS
942 _cBK
945 _aJTF-925
999 _c32066
_d32066